|
|
|
|
| LEADER |
01654nam a2200289 a 4500 |
| 001 |
14704930 |
| 008 |
091014s2004 bg b 001 0 eng D |
| 010 |
|
|
|a \\2006454665
|
| 020 |
|
|
|z 9843218110
|
| 040 |
|
|
|a DLC
|c DLC
|d DLC
|
| 082 |
0 |
0 |
|a 344.5492/046/02632
|2 22
|
| 100 |
1 |
|
|a Hossain, Md. Iqbal.
|
| 245 |
1 |
0 |
|a International environmental law :
|b Bangladesh perspective /
|c Md. Iqbal Hossain.
|
| 250 |
|
|
|a 1st ed.
|
| 260 |
|
|
|a Dhaka :
|b Dhaka International University ;
|b Distributor, Aligarh Library,
|c 2004.
|
| 300 |
|
|
|a xl, 574 p. ;
|c 22 cm.
|
| 504 |
|
|
|a Includes bibliographical references (p. [569]-574) and index.
|
| 541 |
1 |
|
|e 00016327
|
| 650 |
|
0 |
|a Environmental law
|z Bangladesh.
|
| 650 |
|
0 |
|a Environmental law, International.
|
| 710 |
2 |
|
|a Dhaka International University.
|
| 852 |
4 |
|
|a Ayesha Abed Library
|j General shelf
|
| 999 |
|
|
|c 4567
|d 4567
|
| 952 |
|
|
|0 0
|1 0
|2 ddc
|4 0
|6 344_549204600000000_HOS
|7 0
|9 4338
|a BRACUL
|b BRACUL
|c GEN
|d 2009-10-14
|g 350.00
|l 7
|m 50
|o 344.5492046 HOS
|p 3010016327
|r 2025-08-06
|s 2025-07-08
|t 1
|v 700.00
|w 2009-10-14
|y BK
|x Koha Inventory 2020
|
| 952 |
|
|
|0 0
|1 0
|2 ddc
|4 0
|6 344_549204600000000_HOS_2004
|7 0
|9 4339
|a BRACUL
|b BRACUL
|c GEN
|d 2009-10-14
|g 350.00
|l 11
|m 121
|o 344.5492046 HOS
|p 3010016325
|q 2026-06-02
|r 2026-01-26
|s 2026-01-26
|t 2
|v 700.00
|w 2009-10-14
|y BK
|
| 952 |
|
|
|0 0
|1 0
|2 ddc
|4 0
|6 344_549204600000000_HOS_2004
|7 0
|9 4340
|a BRACUL
|b BRACUL
|c GEN
|d 2009-10-14
|g 350.00
|l 8
|m 74
|o 344.5492046 HOS
|p 3010016326
|r 2025-06-25
|s 2025-02-11
|t 3
|v 700.00
|w 2009-10-14
|y BK
|
| 952 |
|
|
|0 0
|1 0
|2 ddc
|4 0
|6 344_549204600000000_HOS_2004
|7 0
|9 4341
|a BRACUL
|b BRACUL
|c GEN
|d 2009-10-14
|g 350.00
|l 8
|m 58
|o 344.5492046 HOS
|p 3010016328
|r 2025-06-25
|s 2025-06-19
|t 4
|v 700.00
|w 2009-10-14
|y BK
|